000 00719nam a22002057a 4500
005 20170421113404.0
010 _aENG-117793
020 _a9781470437329
_c1360.00
035 _aEN-101325
037 _bDBAD/PUB
082 _a512.27
100 _aChristopher Hollings
245 _aMathematics across the iron curtain :
_cby Christopher Hollings
_ba history of the algebraic theory of semigroups /
260 _aTelangana,India
_bUniversities press
_c2017
270 _a3-6-747/1/A & 3-6-754/1, Himayatnagar,Hyderabad
_bTelangana,India
_e500029
300 v _axi,443p.
_c23cm (pbk)
490 _aHistory of mathematics ; volume 41
500 _aincluded index
942 _2ddc
_cEN
_mCHR
_h512.27
999 _c139137
_d139137